Những cuộc hôn thú man dại = Les noces barbares
Saved in:
| Main Author: | |
|---|---|
| Format: | Book |
| Language: | Undetermined |
| Published: |
Hà Nội
Văn Học
1997
|
| Subjects: | |
| Tags: |
Add Tag
No Tags, Be the first to tag this record!
|
| Institutions: | Trung tâm Học liệu Trường Đại học Cần Thơ |
|---|
| LEADER | 00543nam a2200181Ia 4500 | ||
|---|---|---|---|
| 001 | CTU_22511 | ||
| 008 | 210402s9999 xx 000 0 und d | ||
| 082 | |a 843.9 | ||
| 082 | |b Q3 | ||
| 100 | |a Yann Queffelec | ||
| 245 | 0 | |a Những cuộc hôn thú man dại | |
| 245 | 0 | |b = Les noces barbares | |
| 245 | 0 | |c Yann Queffelec; Dịch giả: Trịnh Xuân Hoành | |
| 260 | |a Hà Nội | ||
| 260 | |b Văn Học | ||
| 260 | |c 1997 | ||
| 650 | |a french fiction - 20th century | ||
| 980 | |a Trung tâm Học liệu Trường Đại học Cần Thơ | ||